000
00296nam a2200097Ia 4500
008
220204s9999 xx 000 0 und d
082
_a
633.88(540)
_b
DEY
245
0
_a
Indian medicinal plants used in Ayurvedic preparations
260
_a
Dehra Dun
_b
Bishen Singh Mahendra Pal Singh
_c
1988
942
_c
BK
999
_c
40155
_d
40155